00346 2200157 4500001002100000005001500021035002000036245003400056100001400090250000600104300001200110260003200122082000800154084001400162990001200176INLIS00000000000254820250604124155 a0010-06250001341 aBuku Pintar /cH.M. Iwan Gayo0 aIwan Gayo a1 a800 hlm bPustaka Warga Negara,c2006 a000 a000 IW b a0712331